Содержание аминокислот в кормах Киргизии : (Record no. 184854)
[ view plain ]
| 000 -LEADER | |
|---|---|
| fixed length control field | 00790nam a2200205 u 4500 |
| 001 - CONTROL NUMBER | |
| control field | 000499922 |
| 003 - CONTROL NUMBER IDENTIFIER | |
| control field | AM-YeHGA |
| 005 - DATE AND TIME OF LATEST TRANSACTION | |
| control field | 20250617134612.0 |
| 008 - FIXED-LENGTH DATA ELEMENTS--GENERAL INFORMATION | |
| fixed length control field | 060913s ||| r 000 0 rus d |
| 040 ## - CATALOGING SOURCE | |
| Original cataloging agency | AM-YeHGA |
| 041 0# - LANGUAGE CODE | |
| Language code of text/sound track or separate title | rus |
| 090 ## - LOCALLY ASSIGNED LC-TYPE CALL NUMBER (OCLC); LOCAL CALL NUMBER (RLIN) | |
| -- | 186309 |
| 245 00 - TITLE STATEMENT | |
| Title | Содержание аминокислот в кормах Киргизии : |
| Remainder of title | (Справочные таблицы) / |
| Statement of responsibility, etc. | АН КиргССР, Ин-т биологии. |
| 260 ## - PUBLICATION, DISTRIBUTION, ETC. | |
| Place of publication, distribution, etc. | Фрунзе : |
| Name of publisher, distributor, etc. | Илим. |
| 300 ## - PHYSICAL DESCRIPTION | |
| Extent | вып. |
| 505 10 - FORMATTED CONTENTS NOTE | |
| Miscellaneous information | Вып. 1 (1972, 32 с., табл.) |
| -- | Вып. 2 (1977, 58 с. : табл.) |
| 653 0# - INDEX TERM--UNCONTROLLED | |
| Uncontrolled term | Аминокислоты - Киргизия |
| 710 2# - ADDED ENTRY--CORPORATE NAME | |
| Corporate name or jurisdiction name as entry element | Институт биологии АН КиргССР |
| 710 2# - ADDED ENTRY--CORPORATE NAME | |
| Corporate name or jurisdiction name as entry element | Академия наук Киргизской ССР |
| Withdrawn status | Lost status | Damaged status | Not for loan | Collection | Home library | Current library | Date acquired | Total checkouts | Full call number | Barcode | Date last seen | Price effective from | Koha item type | Public note |
|---|---|---|---|---|---|---|---|---|---|---|---|---|---|---|
| General | Fundamental Scientific Library | Fundamental Scientific Library | 28/12/2016 | 636.085.13(575.2)(083.4) | 110041585 | 28/12/2016 | 28/12/2016 | Գրքեր / Books | 30 Days Loan | |||||
| General | Fundamental Scientific Library | Fundamental Scientific Library | 28/12/2016 | PII/332686 | FL0265481 | 28/12/2016 | 28/12/2016 | Գրքեր / Books | 30 Days Loan |
ՀՀ Գիտությունների ազգային ակադեմիայի հիմնարար գիտական գրադարան = Fundamental Scientific Library of NAS RA
All site content, except where otherwise noted, is licensed under a